00665nam a2200229 a 4500001001300000003000900013005001700022008004100039020000800080082001500088100002400103245005800127260003600185300000900221500003500230505001700265650001200282902000800294942000700302952011100309999001500420nice12345678IN_TiNIC20260116011409.0050524s1965 luca grp 000 0 urd  ac500a954.2bSHA aSharar, Abdul Halim aGuzishta Lucknow Ya Maghribi Tamaddun Ka Akhri Namuna aLucknowbNaseem Book Depoc1965 a391p aincludes index and biblioraphy2 aBibliography aLucknow bSRS cBK 001040708StackRoom-aHMIbHMId2007-04-10g5.00l0o954.2 SHAp03568r2007-04-10v5.00w2005-05-24yBK c1164d1164